000 00697nam a2200277Ia 4500
005 20260324132943.0
008 008 260324s9999 xx 000 0 eng d
020 _a9780429175084
037 _aEBOOK
040 _aCRL
040 _beng
040 _cCRL
041 _2eng
041 _aeng
084 _qCRL
100 _aK.H. Schoenbach; U. Kogelschatz; K.H. Becker; R.J. Barker
_91191245
245 0 _aNon-Equilibrium Air Plasmas at Atmospheric Pressure
260 _bTaylor and Francis
260 _c2004
365 _a
365 _b680
856 _uhttp://www.taylorfrancis.com/books/9780429175084
942 _cEBOOK
999 _c1789830
_d1789830